000 00669nam a2200253Ia 4500
003 OSt
005 20220918163420.0
006 a|||||r|||| 00| 0
007 ta
008 220917b |||||||| |||| 00| 0 eng d
020 _a0 7131 5900 6
024 _a30,834
037 _cTextual
040 _aARTS
_cARTS
_beng
041 _2eng
_aeng
082 _aO111,3M82:g, L7
100 _aPeake C H
_913019
245 0 _aJames Joyce
_b The citizen and the artist
260 _aLondon
_bEdward UK
_c1977
300 _ax, 369p.
_ccm.
650 _aENGLISH LITERATURE
942 _hO111,3M82:g, L7
_cTEXL
_2CC
999 _c119460
_d119460